Harry Potter: the next generation names - Statistics

General Stats
  • This quiz has been taken 220 times
    215 since last reset
  • The average score is 13 of 16
Answer Stats
Parents Name % Correct
Harry and Ginny Potter Albus Severus
99%
Harry and Ginny Potter Lily
99%
Harry and Ginny Potter James
98%
George and Angelina Weasley Fred
94%
Ron and Hermione Weasley Hugo
94%
Ron and Hermione Weasley Rose
94%
Draco and Astoria Malfoy Scorpius
91%
Remus and Nymphadora Lupin Teddy
91%
Percy and Audrey Weasley Molly
86%
Bill and Fleur Weasley Victoire
80%
Bill and Fleur Weasley Louis
79%
George and Angelina Weasley Roxanne
79%
Bill and Fleur Weasley Dominique
75%
Percy and Audrey Weasley Lucy
74%
Luna and Rolf Scamander Lysander
50%
Luna and Rolf Scamander Lorcan
46%
No matching quizzes found
Score Distribution
Percent of People with Each Score
Percentile by Number Answered
Your Score History
You have not taken this quiz since the last reset